[Event "Nordic School-ch U20"]
[Site "Oslo"]
[Date "2003.10.10"]
[Round "2"]
[White "Hanssen, Claes Storm"]
[Black "Tuononen, Janne"]
[Result "0-1"]
[WhiteElo "1360"]
[BlackElo "1827"]
[PlyCount "88"]
[EventDate "2003.10.??"]
[EventType "team-tourn"]
[EventRounds "5"]
[EventCountry "NOR"]
[SourceTitle "EXT 2005"]
[Source "ChessBase"]
[SourceDate "2004.11.15"]
[SourceVersion "1"]
[SourceVersionDate "2004.11.15"]
[SourceQuality "1"]

1. e4 c6 2. d4 d5 3. Nc3 dxe4 4. Nxe4 Bf5 5. Ng3 Bg6 6. Nf3 Nd7 7. Bc4 e6 8. 0-0 Ngf6 9. c3 Bd6 10. Re1 0-0 11. Nh4 Qc7 12. Nxg6 hxg6 13. Bg5 Rad8 14. Qc2 c5 15. Bxf6 Nxf6 16. dxc5 Bxc5 17. Bb3 Ng4 18. Rf1 Rd7 19. Qe2 Qf4 20. Bxe6 fxe6 21. Qxe6+ Rdf7 22. Qe4 Nxf2 23. Qd5 Qe3 24. Rxf2 Qxf2+ 25. Kh1 Kh7 26. Qc4 Rf4 27. Qd3 Qe3 28. Qd1 Rf1+ 29. Qxf1 Rxf1+ 30. Rxf1 Bd6 31. Rf3 Qc1+ 32. Rf1 Qxb2 33. Ne4 Qe2 34. Ng5+ Kh6 35. Nf7+ Kh5 36. Rg1 Bc5 37. Rc1 Qe8 38. Rf1 Qe2 39. Ra1 Be7 40. h3 g5 41. Nh8 Kh6 42. Nf7+ Kg6 43. Nh8+ Kh7 44. Nf7 Kg8 0-1